000 00318nam a2200133Ia 4500
008 230917s9999||||xx |||||||||||||| ||und||
040 _e112360
_aMAIN
041 _aEnglish
082 _a320.50954 N292J
100 _aNeelam
245 0 _aJaiprakash narayan: Ek vaicharik adhayayan
300 _a99 p.
942 _cTH
999 _c124686
_d124686